Charlton v Forrest (Record no. 121979)
[ view plain ]
| 000 -LEADER | |
|---|---|
| fixed length control field | 01791naa a22001937a 4500 |
| 007 - PHYSICAL DESCRIPTION FIXED FIELD--GENERAL INFORMATION | |
| fixed length control field | c| aa aaaaa |
| 008 - FIXED-LENGTH DATA ELEMENTS--GENERAL INFORMATION | |
| fixed length control field | 240530e20240321xxk||||os||||o00| 0 eng d |
| 041 ## - LANGUAGE CODE | |
| Language code of text/sound track or separate title | eng |
| 245 ## - TITLE STATEMENT | |
| Title | Charlton v Forrest |
| 260 ## - PUBLICATION INFORMATION | |
| Place of publication | [2024] EWHC 1014 (Ch), |
| Publisher | Chancery Division, |
| Date | 3 May 2024 |
| 520 ## - ABSTRACT | |
| Abstract | On 3 May 2024, Mr Justice Zacaroli delivered a judgment in a dispute to determine the position of a disputed boundary where the original transfers cannot be produced, examining the importance of aerial photographs and Ordnance Survey plans in the absence of a conveyance. Defendants trade as Castleton Residential Park. The claimants are the registered proprietors of freehold land and a house at Ty Chwarel. The catalyst for this dispute was the removal by the defendants of a substantial amount of trees, shrubs and other growth on, or towards the eastern side of, the boundary. Despite two surveyors opinions, the judge deemed they had no specialised knowledge, the judge concluded they were not bound to accept their conclusion, but must analyse the evidence in order to decide where the boundary lies. This case shows the difficulties associated with identifying a precise boundary in the absence of clear plans. In the end it will come down to a question of fact based on a review of the available evidence. The claim for trespass was dismissed as the judge found in favour of the defendants. |
| 650 ## - KEYWORDS | |
| Keywords | BOUNDARIES |
| 650 ## - KEYWORDS | |
| Keywords | BOUNDARY DISPUTES |
| 650 ## - KEYWORDS | |
| Keywords | NEIGHBOUR DISPUTES |
| 650 ## - KEYWORDS | |
| Keywords | TRESPASS |
| 651 ## - SUBJECT ADDED ENTRY--GEOGRAPHIC NAME | |
| Geographic name | United Kingdom |
| 856 ## - ONLINE RESOURCE | |
| Uniform Resource Identifier | https://www.bailii.org/ew/cases/EWHC/Ch/2024/1014.html |
| Public note | Available from BAILII |
| 856 ## - ONLINE RESOURCE | |
| Uniform Resource Identifier | https://www.trowers.com/insights/2024/june/a-case-demonstrating-the-courts-approach-to-determining-a-boundary-dispute |
| Public note | Commentary from Trowers & Hamlin |
| Withdrawn status | Lost status | Damaged status | Koha normalized classification for sorting | Not for loan | Home library | Current library | Shelving location | Date acquired | Total Checkouts | Full call number | Date last seen | Price effective from | Koha item type |
|---|---|---|---|---|---|---|---|---|---|---|---|---|---|
| ONLINE_JUDGMENT | Virtual | Virtual | Online | 05/08/2024 | ONLINE JUDGMENT | 05/08/2024 | 05/08/2024 | Law report |